Những điều cần biết về El Ninô và La Nina

محفوظ في:
التفاصيل البيبلوغرافية
التنسيق: كتاب
اللغة:Vietnamese
منشور في: Khoa học và kỹ thuật 2000
الوسوم: إضافة وسم
لا توجد وسوم, كن أول من يضع وسما على هذه التسجيلة!
Thư viện lưu trữ: Mạng thư viện Đại học Đà Nẵng
LEADER 00642nam a2200241 4500
001 000021888
003 18336
005 20150423150425.0
008 150423s2000 viesd
020 |c 11500 
041 0 |a vie 
082 1 4 |a 551,57  |b NG-N 
245 1 0 |a Những điều cần biết về El Ninô và La Nina  |c Nguyễn Đức Ngữ, chủ biên. 
260 |b Khoa học và kỹ thuật  |c 2000 
300 |a tr.  |c cm. 
OWN |a LSP 
999 |a From the UDN01 
TYP |a Monograph 
TYP |a Printed language 
980 |a Mạng thư viện Đại học Đà Nẵng